000 00766nam a2200205 a 4500
003 0
005 20250428111607.0
008 050808s19uu xx 00 eng d
050 _aPHS HV 41
_b.K56 2005
100 _aKim, Katherine S.
245 _aPerceptions of cellphone users on non-profit organizations adopting SMS fundraising /
_cKatherine S. Kim.
260 _aLas PiƱas City, Philippines :
_bSouthville International School and Colleges,
_c2005.
300 _av, 21 pages :
_billustrations ;
_c28 cm.
504 _aIncludes bibliographical references.
650 _aNonprofit organizations
_xFund raising.
650 _aText messaging (Cell phone systems).
650 _aFund raising
_xTechnological innovations.
942 _2lcc
_cPASS
999 _c97255
_d97255